[Event "FIN-chT 1819"]
[Site "Finland"]
[Date "2019.02.10"]
[Round "8.8"]
[White "Lehtivaara, Petri"]
[Black "Tusa, Tuukka"]
[Result "0-1"]
[WhiteElo "2257"]
[BlackElo "2123"]
[PlyCount "80"]
[EventDate "2018.09.15"]
[EventType "team-tourn"]
[EventRounds "11"]
[EventCountry "FIN"]
[SourceTitle "EXT 2021"]
[Source "ChessBase"]
[SourceDate "2020.10.23"]
[SourceVersion "1"]
[SourceVersionDate "2020.10.23"]
[SourceQuality "1"]
[WhiteTeam "Espoo MatSK"]
[BlackTeam "Helsinki Comeon"]
[WhiteTeamCountry "FIN"]
[BlackTeamCountry "FIN"]

1. d4 d5 2. c4 e6 3. Nc3 c6 4. e3 f5 5. Bd3 Nf6 6. Qc2 Be7 7. Nge2 0-0 8. f3 Nbd7 9. Bd2 Kh8 10. Nf4 Nb8 11. 0-0-0 Na6 12. a3 b5 13. cxb5 cxb5 14. Bxb5 Rb8 15. Bxa6 Bxa6 16. Nxe6 Qb6 17. Nxf8 Bd3 18. Na4 Qb5 19. Qc3 Bxf8 20. Nc5 Bxc5 21. dxc5 Nd7 22. Be1 Nxc5 23. b4 Bc4 24. Bg3 Na4 25. Qe5 Rc8 26. Qxf5 Qe8 27. Kd2 d4 28. e4 Be6 29. Qe5 Rc2+ 30. Kd3 Qc6 31. Qxd4 Nb2+ 32. Ke3 Nc4+ 33. Kd3 Nb2+ 34. Ke3 Nc4+ 35. Kd3 Qa4 36. Qd8+ Bg8 37. Kd4 Qxa3 38. Bf4 Qc3+ 39. Kc5 Ne5+ 40. Kb5 Qc6+ 0-1

[Event "FIN-chT 1415"]
[Site "Finland"]
[Date "2014.11.15"]
[Round "5.7"]
[White "Anttila, Perttu"]
[Black "Lehtivaara, Petri"]
[Result "1-0"]
[WhiteElo "2127"]
[BlackElo "2272"]
[PlyCount "81"]
[EventDate "2014.09.27"]
[EventType "team-tourn"]
[EventRounds "11"]
[EventCountry "FIN"]
[SourceTitle "EXT 2016"]
[Source "ChessBase"]
[SourceDate "2015.10.08"]
[SourceVersion "1"]
[SourceVersionDate "2015.10.08"]
[SourceQuality "1"]
[WhiteTeam "Vantaa EtVaS"]
[BlackTeam "Espoo MatSK"]
[WhiteTeamCountry "FIN"]
[BlackTeamCountry "FIN"]

1. d4 e6 2. c4 f5 3. g4 fxg4 4. e4 Qh4 5. Bf4 Nf6 6. Nc3 Bb4 7. Bg2 Bxc3+ 8. bxc3 d6 9. Qd2 0-0 10. e5 dxe5 11. Bxe5 Ne8 12. h3 Nd7 13. Bg3 Qh5 14. hxg4 Qf7 15. Be4 Ndf6 16. Bd3 g6 17. Nf3 Qe7 18. Ne5 Nd6 19. Bxg6 Nde4 20. Qe3 Nxg3 21. fxg3 hxg6 22. Rh8+ Kxh8 23. Nxg6+ Kg7 24. Nxe7 Kf7 25. Nxc8 Raxc8 26. 0-0-0 Nd7 27. Rf1+ Ke7 28. Qg5+ Kd6 29. Re1 b6 30. d5 e5 31. Rh1 Rf6 32. Qg7 Rcf8 33. g5 Rf1+ 34. Rxf1 Rxf1+ 35. Kc2 Nc5 36. Qh6+ Ke7 37. g6 Rf2+ 38. Kd1 Ne4 39. g7 Rf1+ 40. Kc2 Rf2+ 41. Kb3 1-0

[Event "FIN-chT 1415"]
[Site "Finland"]
[Date "2014.10.19"]
[Round "4.5"]
[White "Lehtivaara, Petri"]
[Black "Topi Hulmi, Teemu"]
[Result "1/2-1/2"]
[WhiteElo "2272"]
[BlackElo "2231"]
[PlyCount "81"]
[EventDate "2014.09.27"]
[EventType "team-tourn"]
[EventRounds "11"]
[EventCountry "FIN"]
[SourceTitle "EXT 2016"]
[Source "ChessBase"]
[SourceDate "2015.10.08"]
[SourceVersion "1"]
[SourceVersionDate "2015.10.08"]
[SourceQuality "1"]
[WhiteTeam "Espoo MatSK"]
[BlackTeam "Turku TuTS"]
[WhiteTeamCountry "FIN"]
[BlackTeamCountry "FIN"]

1. d4 d5 2. c4 c6 3. Nf3 Nf6 4. e3 Bf5 5. cxd5 cxd5 6. Qb3 Qc7 7. Bd2 e6 8. Bb5+ Nc6 9. 0-0 Bd6 10. Bb4 0-0 11. Bxc6 bxc6 12. Nbd2 Rfb8 13. Bxd6 Qxd6 14. Qc3 Ne4 15. Nxe4 Bxe4 16. Nd2 Bg6 17. Rfc1 Rb6 18. a3 f6 19. b4 e5 20. Nb3 Rf8 21. Na5 Be8 22. f3 Bd7 23. Qd2 Re8 24. Rc3 Re6 25. Rac1 exd4 26. Qxd4 Qe5 27. Nb3 Be8 28. Qxe5 fxe5 29. Kf2 Kf7 30. Rc5 Ra6 31. Ra5 Rxa5 32. Nxa5 Ke7 33. Nb7 Rh6 34. h3 Kd7 35. Nc5+ Kc7 36. Nd3 Kd6 37. Rc5 Re6 38. Ra5 Re7 39. Ke2 Bg6 40. Nc5 Bb1 41. Nb3 1/2-1/2

[Event "FIN-chT 1415"]
[Site "Finland"]
[Date "2014.10.18"]
[Round "3.6"]
[White "Lehtivaara, Petri"]
[Black "Hynninen, Juha"]
[Result "1/2-1/2"]
[WhiteElo "2272"]
[BlackElo "2210"]
[PlyCount "116"]
[EventDate "2014.09.27"]
[EventType "team-tourn"]
[EventRounds "11"]
[EventCountry "FIN"]
[SourceTitle "EXT 2016"]
[Source "ChessBase"]
[SourceDate "2015.10.08"]
[SourceVersion "1"]
[SourceVersionDate "2015.10.08"]
[SourceQuality "1"]
[WhiteTeam "Espoo MatSK"]
[BlackTeam "Salo SalSK"]
[WhiteTeamCountry "FIN"]
[BlackTeamCountry "FIN"]

1. d4 Nf6 2. c4 e6 3. Nf3 d5 4. Nc3 Be7 5. Bf4 c6 6. e3 Nh5 7. Be5 Nd7 8. Qc2 a6 9. Bd3 h6 10. 0-0 0-0 11. h3 Nhf6 12. Bh2 b5 13. b3 Bb7 14. Rad1 Rc8 15. c5 a5 16. Rfe1 Re8 17. Nb1 Bf8 18. Nbd2 g6 19. e4 dxe4 20. Nxe4 Nxe4 21. Bxe4 Nf6 22. Bd3 Bg7 23. Bd6 Nd5 24. Qd2 Ra8 25. Be4 Qd7 26. Bxd5 exd5 27. Rxe8+ Rxe8 28. Qxa5 f6 29. Re1 Re4 30. Qc7 Qxc7 31. Bxc7 Kf7 32. Ba5 Ke6 33. Bc3 g5 34. Kf1 h5 35. Nd2 Rxe1+ 36. Kxe1 g4 37. h4 Bh6 38. Nf1 Bf4 39. Bd2 Bc7 40. Ke2 Ba6 41. Bb4 Bf4 42. Kd3 Kf5 43. g3 Bh6 44. Ne3+ Bxe3 45. Kxe3 Bc8 46. Ba5 Kg6 47. Bd8 Bf5 48. Kd2 Kf7 49. Kc3 Ke6 50. a4 bxa4 51. bxa4 Kf7 52. Kb4 Bd3 53. Kc3 Ba6 54. Kd2 Ke6 55. Ke3 Kf5 56. Be7 Bc4 57. Bd6 Ba6 58. Bf4 Bc4 1/2-1/2

[Event "FIN-chT 1314"]
[Site "Finland"]
[Date "2014.02.09"]
[Round "8.8"]
[White "Ahvenjarvi, Jani"]
[Black "Lehtivaara, Petri"]
[Result "1/2-1/2"]
[WhiteElo "2237"]
[BlackElo "2303"]
[PlyCount "75"]
[EventDate "2013.09.21"]
[EventType "team-tourn"]
[EventRounds "11"]
[EventCountry "FIN"]
[SourceTitle "EXT 2015"]
[Source "ChessBase"]
[SourceDate "2014.11.20"]
[SourceVersion "1"]
[SourceVersionDate "2014.11.20"]
[SourceQuality "1"]
[WhiteTeam "Tampere Tammer"]
[BlackTeam "Espoo MatSK"]
[WhiteTeamCountry "FIN"]
[BlackTeamCountry "FIN"]

1. e4 e5 2. Nf3 Nc6 3. Bb5 a6 4. Ba4 Nf6 5. Qe2 d6 6. c3 Bd7 7. d4 Be7 8. d5 Nb8 9. Bxd7+ Nbxd7 10. c4 0-0 11. Nc3 c6 12. 0-0 cxd5 13. cxd5 Qb8 14. Be3 Rc8 15. Nd2 Bd8 16. Rfc1 b5 17. f3 Bb6 18. a4 bxa4 19. Nxa4 Bxe3+ 20. Qxe3 Qb5 21. b3 Ne8 22. Rc3 Rab8 23. Rac1 Rxc3 24. Rxc3 Nb6 25. Nxb6 Rxb6 26. h3 Kf8 27. Kh2 h6 28. f4 exf4 29. Qxf4 Qd7 30. Nc4 Rb4 31. Rf3 Kg8 32. Qg3 f6 33. Qe1 Qb5 34. Qg3 Qd7 35. Qg6 Qe7 36. Qf5 a5 37. Qc8 Kh7 38. Re3 1/2-1/2

[Event "FIN Team Cup"]
[Site "Finland"]
[Date "2013.09.07"]
[Round "5.5"]
[White "Lehtivaara, Petri"]
[Black "Hokkanen, Petri"]
[Result "0-1"]
[WhiteElo "2303"]
[BlackElo "2298"]
[PlyCount "114"]
[EventDate "2013.04.06"]
[EventType "team-k.o."]
[EventRounds "6"]
[EventCountry "FIN"]
[SourceTitle "EXT 2022"]
[Source "ChessBase"]
[SourceDate "2021.10.06"]
[SourceVersion "1"]
[SourceVersionDate "2021.10.06"]
[SourceQuality "1"]
[WhiteTeam "Espoo MatSK"]
[BlackTeam "Velhot"]
[WhiteTeamCountry "FIN"]
[BlackTeamCountry "FIN"]

1. d4 d5 2. c4 c6 3. Nf3 Nf6 4. e3 g6 5. Nbd2 Bg7 6. b4 0-0 7. a4 Na6 8. Ba3 Nc7 9. Be2 dxc4 10. Nxc4 Ncd5 11. Rc1 Ne4 12. Bd3 Nec3 13. Qb3 Nxa4 14. Qxa4 b5 15. Qb3 bxc4 16. Qxc4 a5 17. Qxc6 Bg4 18. Be4 axb4 19. Bxd5 Rc8 20. Qb5 bxa3 21. 0-0 Rb8 22. Qc4 Qa5 23. Ra1 e6 24. Be4 Rfc8 25. Qa2 Rc3 26. Nd2 Be2 27. Rfe1 Bd3 28. Bxd3 Rxd3 29. Ne4 Bf8 30. Qc4 Qb5 31. Qc7 Qb7 32. Nf6+ Kh8 33. Qf4 Rc8 34. Qh4 h6 35. Ng4 Qe7 36. Qh3 h5 37. Ne5 Rdc3 38. g4 Bg7 39. Nf3 Kg8 40. gxh5 gxh5 41. Qxh5 Qf6 42. Ng5 Qf5 43. h4 Rc2 44. Qxf7+ Qxf7 45. Nxf7 Kxf7 46. Rxa3 Bf6 47. Ra7+ Kg6 48. Kg2 Bxh4 49. Rf1 Rf8 50. Ra6 Rf6 51. Kh3 Bxf2 52. d5 Kg5 53. Rxe6 Rf3+ 54. Kg2 Rg3+ 55. Kh1 Bxe3 56. Re5+ Kg4 57. Re4+ Kh3 0-1

[Event "FIN-chT 1213"]
[Site "Finland"]
[Date "2013.03.10"]
[Round "14.5"]
[White "Kilpi, Teemu"]
[Black "Lehtivaara, Petri"]
[Result "1/2-1/2"]
[WhiteElo "2141"]
[BlackElo "2309"]
[PlyCount "69"]
[EventDate "2012.09.28"]
[EventType "team-tourn"]
[EventRounds "11"]
[EventCountry "FIN"]
[SourceTitle "EXT 2014"]
[Source "ChessBase"]
[SourceDate "2013.11.20"]
[SourceVersion "1"]
[SourceVersionDate "2013.11.20"]
[SourceQuality "1"]
[WhiteTeam "Oulu OSS"]
[BlackTeam "Espoo MatSK"]
[WhiteTeamCountry "FIN"]
[BlackTeamCountry "FIN"]

1. d4 e6 2. c4 f5 3. Nc3 Nf6 4. Nf3 Bb4 5. Qc2 b6 6. a3 Bxc3+ 7. Qxc3 Bb7 8. g3 0-0 9. Bg2 Qe7 10. 0-0 d6 11. b4 Nbd7 12. Bb2 c5 13. dxc5 bxc5 14. b5 Ne4 15. Qc2 Rad8 16. Rad1 Nb6 17. Nd2 d5 18. cxd5 exd5 19. Nxe4 fxe4 20. e3 Nc4 21. Rc1 Nxb2 22. Qxb2 d4 23. Qc2 Rf5 24. exd4 cxd4 25. a4 d3 26. Qc7 Qxc7 27. Rxc7 Bd5 28. Rd1 Rf7 29. Rc5 Re7 30. a5 Bb3 31. Rd2 Rde8 32. b6 axb6 33. axb6 Bc2 34. Rb5 e3 35. fxe3 1/2-1/2

[Event "FIN-chT 1213"]
[Site "Finland"]
[Date "2013.01.12"]
[Round "8.5"]
[White "Issakainen, Ari"]
[Black "Lehtivaara, Petri"]
[Result "0-1"]
[WhiteElo "2212"]
[BlackElo "2309"]
[PlyCount "81"]
[EventDate "2012.09.28"]
[EventType "team-tourn"]
[EventRounds "11"]
[EventCountry "FIN"]
[SourceTitle "EXT 2014"]
[Source "ChessBase"]
[SourceDate "2013.11.20"]
[SourceVersion "1"]
[SourceVersionDate "2013.11.20"]
[SourceQuality "1"]
[WhiteTeam "Helsinki Aatos"]
[BlackTeam "Espoo MatSK"]
[WhiteTeamCountry "FIN"]
[BlackTeamCountry "FIN"]

1. d4 e6 2. c4 f5 3. Nc3 Nf6 4. Bf4 Bb4 5. e3 b6 6. Bd3 Bb7 7. f3 Bxc3+ 8. bxc3 0-0 9. Ne2 d6 10. 0-0 Nbd7 11. Bg3 Qe7 12. Qc2 g6 13. a4 e5 14. c5 dxc5 15. a5 Kh8 16. e4 fxe4 17. fxe4 exd4 18. cxd4 Bxe4 19. Bxc7 Rae8 20. axb6 axb6 21. Rae1 Bxd3 22. Qxd3 Nd5 23. Rxf8+ Qxf8 24. Bg3 Qf5 25. Qb5 N5f6 26. Rf1 Qe4 27. dxc5 bxc5 28. Nf4 Rb8 29. Qa6 Ra8 30. Qb5 Qd4+ 31. Kh1 Ra1 32. h3 Rxf1+ 33. Qxf1 Ne4 34. Be1 Ndf6 35. Qb5 Qd6 36. Nd3 Kg7 37. Bh4 g5 38. Bf2 Qxd3 39. Qb2 Nxf2+ 40. Qxf2 Qd1+ 41. Kh2 0-1

[Event "Naantali op"]
[Site "Naantali"]
[Date "2012.07.07"]
[Round "8"]
[White "Kiik, Kalle"]
[Black "Lehtivaara, Petri"]
[Result "1-0"]
[WhiteElo "2395"]
[BlackElo "2320"]
[PlyCount "117"]
[EventDate "2012.07.02"]
[EventType "swiss"]
[EventRounds "9"]
[EventCountry "FIN"]
[SourceTitle "CBM 149 Extra"]
[Source "ChessBase"]
[SourceDate "2012.08.24"]
[SourceVersion "1"]
[SourceVersionDate "2012.08.24"]
[SourceQuality "1"]

1. e4 e5 2. Nc3 Nc6 3. g3 Nf6 4. Bg2 Bc5 5. Nf3 d6 6. d3 a6 7. 0-0 Be6 8. Be3 Bxe3 9. fxe3 0-0 10. Nh4 Kh8 11. h3 Ng8 12. d4 Nce7 13. Qe1 c6 14. Rd1 Qc7 15. g4 exd4 16. exd4 d5 17. e5 c5 18. dxc5 Qxc5+ 19. Qf2 Qb4 20. Rd3 Rac8 21. Nd1 b5 22. Nf5 Ng6 23. c3 Qc5 24. Qxc5 Rxc5 25. Re3 N8e7 26. Nxe7 Nxe7 27. Nf2 a5 28. Nd3 Rcc8 29. a3 Rfd8 30. Nf4 d4 31. cxd4 Rxd4 32. Nxe6 fxe6 33. Rc3 Rxc3 34. Rf8+ Ng8 35. bxc3 Rd1+ 36. Kf2 Rd2+ 37. Kf1 Rd3 38. Rc8 g6 39. Ke2 Rg3 40. Kf2 Rd3 41. Rc7 Rd2+ 42. Kf3 Rc2 43. Bf1 b4 44. axb4 axb4 45. c4 Rc1 46. Bd3 Rh1 47. c5 Rxh3+ 48. Ke4 Rg3 49. c6 Rxg4+ 50. Ke3 Rg1 51. Bc4 Re1+ 52. Kd4 Nh6 53. Bxe6 Nf5+ 54. Bxf5 gxf5 55. Rb7 Rc1 56. Kd5 f4 57. c7 f3 58. Rb8+ Kg7 59. c8Q 1-0

[Event "Naantali op"]
[Site "Naantali"]
[Date "2012.07.05"]
[Round "6"]
[White "Lehtimaki, Tero"]
[Black "Lehtivaara, Petri"]
[Result "1/2-1/2"]
[WhiteElo "2106"]
[BlackElo "2320"]
[PlyCount "49"]
[EventDate "2012.07.02"]
[EventType "swiss"]
[EventRounds "9"]
[EventCountry "FIN"]
[SourceTitle "CBM 149 Extra"]
[Source "ChessBase"]
[SourceDate "2012.08.24"]
[SourceVersion "1"]
[SourceVersionDate "2012.08.24"]
[SourceQuality "1"]

1. e4 e6 2. Nf3 d5 3. Nc3 Nf6 4. e5 Nfd7 5. d4 c5 6. dxc5 Nc6 7. Bf4 Nxc5 8. Bd3 Be7 9. 0-0 a6 10. Ne2 0-0 11. c3 Nxd3 12. Qxd3 f6 13. Qe3 Bd7 14. Rfe1 Rc8 15. Ned4 f5 16. Nb3 Na5 17. Nxa5 Qxa5 18. Bg5 Bxg5 19. Qxg5 Qb6 20. Qd2 Rc4 21. Nd4 Qc7 22. Re3 f4 23. Ree1 b5 24. a3 a5 25. Rac1 1/2-1/2

[Event "Naantali op"]
[Site "Naantali"]
[Date "2012.07.03"]
[Round "2"]
[White "Kangas, Lauri"]
[Black "Lehtivaara, Petri"]
[Result "1-0"]
[WhiteElo "2023"]
[BlackElo "2320"]
[PlyCount "59"]
[EventDate "2012.07.02"]
[EventType "swiss"]
[EventRounds "9"]
[EventCountry "FIN"]
[SourceTitle "CBM 149 Extra"]
[Source "ChessBase"]
[SourceDate "2012.08.24"]
[SourceVersion "1"]
[SourceVersionDate "2012.08.24"]
[SourceQuality "1"]

1. e4 e6 2. d4 d5 3. Nc3 Bb4 4. exd5 exd5 5. Bd3 Nc6 6. a3 Bxc3+ 7. bxc3 Nge7 8. Qh5 Be6 9. Nf3 Qd7 10. Ng5 h6 11. Nxe6 Qxe6+ 12. Be3 0-0-0 13. 0-0 g6 14. Qe2 Rde8 15. Rfe1 Qd7 16. Qf3 Nf5 17. Bxf5 Qxf5 18. Qxf5+ gxf5 19. Bf4 Re4 20. g3 h5 21. Re3 Rhe8 22. Rae1 Na5 23. f3 R4e6 24. Rxe6 fxe6 25. Kg2 Nc4 26. Ra1 Kd7 27. a4 a5 28. Rb1 Rb8 29. Kh3 Nb6 30. Rxb6 1-0

[Event "Naantali op"]
[Site "Naantali"]
[Date "2012.07.02"]
[Round "1"]
[White "Lehtivaara, Petri"]
[Black "Smeds, Tom"]
[Result "1-0"]
[WhiteElo "2320"]
[BlackElo "1891"]
[PlyCount "75"]
[EventDate "2012.07.02"]
[EventType "swiss"]
[EventRounds "9"]
[EventCountry "FIN"]
[SourceTitle "CBM 149 Extra"]
[Source "ChessBase"]
[SourceDate "2012.08.24"]
[SourceVersion "1"]
[SourceVersionDate "2012.08.24"]
[SourceQuality "1"]

1. d4 e6 2. c4 f5 3. g3 Nf6 4. Bg2 c6 5. Nf3 d5 6. 0-0 Bd6 7. b3 Qe7 8. Bb2 0-0 9. Nc3 Ne4 10. e3 Nxc3 11. Bxc3 Nd7 12. Qd3 b6 13. Rfd1 Bb7 14. Rac1 a5 15. Bb2 a4 16. Ne5 Nxe5 17. dxe5 Ba3 18. Qb1 axb3 19. axb3 Bxb2 20. Qxb2 Ra3 21. b4 Rfa8 22. b5 Ra2 23. Qb1 Ra1 24. Qxa1 Rxa1 25. Rxa1 cxb5 26. cxd5 Bxd5 27. Rxd5 h5 28. Rxb5 Qc7 29. h4 Kh7 30. Rab1 Kh6 31. Bf3 g6 32. Kg2 Qc3 33. Rxb6 Qxe5 34. Rc6 Kg7 35. Rbb6 Kf7 36. Rxe6 Qxe6 37. Rxe6 Kxe6 38. Kf1 1-0

[Event "FIN Team Cup"]
[Site "Finland"]
[Date "2012.05.12"]
[Round "3.2"]
[White "Salo, Heikki"]
[Black "Lehtivaara, Petri"]
[Result "1/2-1/2"]
[WhiteElo "2263"]
[BlackElo "2324"]
[PlyCount "119"]
[EventDate "2012.03.31"]
[EventType "team-k.o."]
[EventRounds "6"]
[EventCountry "FIN"]
[SourceTitle "EXT 2022"]
[Source "ChessBase"]
[SourceDate "2021.10.06"]
[SourceVersion "1"]
[SourceVersionDate "2021.10.06"]
[SourceQuality "1"]
[WhiteTeam "Vantaa EtVaS"]
[BlackTeam "Espoo MatSK"]
[WhiteTeamCountry "FIN"]
[BlackTeamCountry "FIN"]

1. d4 e6 2. Nf3 f5 3. g3 Nf6 4. Bg2 Be7 5. 0-0 0-0 6. b3 d6 7. Bb2 a5 8. c4 Qe8 9. Nbd2 Qh5 10. e3 Nc6 11. a3 Ng4 12. h3 Nh6 13. d5 Nd8 14. Nd4 Qxd1 15. Rfxd1 e5 16. Nb5 c6 17. Nc3 e4 18. f4 exf3 19. Nxf3 Rb8 20. b4 axb4 21. axb4 Nhf7 22. Rd2 Re8 23. e4 Bf6 24. exf5 Bxf5 25. Nd4 Bxd4+ 26. Rxd4 Ne5 27. Ne4 Ndf7 28. Rf1 Bxe4 29. Rxe4 cxd5 30. Ref4 Ng5 31. Bxd5+ Kh8 32. Rf5 h6 33. h4 Nh7 34. Bxe5 dxe5 35. Re1 Nf6 36. Rfxe5 Red8 37. Bf3 Rd4 38. Rc5 b6 39. Rc7 b5 40. c5 Rxb4 41. c6 Rb3 42. Kg2 Rc3 43. Rb7 Rd8 44. Re2 Rdd3 45. c7 Rxf3 46. c8Q+ Rxc8 47. Kxf3 Nd5 48. Re5 Rc3+ 49. Kg4 Ne3+ 50. Kh5 Nf1 51. g4 Ng3+ 52. Kg6 Rc6+ 53. Kf7 Rf6+ 54. Ke7 Rf4 55. g5 Kh7 56. Rb6 hxg5 57. hxg5 Nf5+ 58. Ke8 b4 59. Re1 Ng3 60. Re5 1/2-1/2

[Event "FIN-chT 1112"]
[Site "Finland"]
[Date "2011.11.20"]
[Round "6.2"]
[White "Hurme, Harri M"]
[Black "Lehtivaara, Petri"]
[Result "0-1"]
[WhiteElo "2258"]
[BlackElo "2342"]
[PlyCount "76"]
[EventDate "2011.09.17"]
[EventType "team-tourn"]
[EventRounds "11"]
[EventCountry "FIN"]
[SourceTitle "EXT 2013"]
[Source "ChessBase"]
[SourceDate "2012.11.22"]
[SourceVersion "1"]
[SourceVersionDate "2012.11.22"]
[SourceQuality "1"]
[WhiteTeam "Helsinki SSK"]
[BlackTeam "Espoo"]
[WhiteTeamCountry "FIN"]
[BlackTeamCountry "FIN"]

1. d4 e6 2. c4 f5 3. Nf3 Nf6 4. g3 Be7 5. Bg2 0-0 6. 0-0 d6 7. Nc3 a5 8. b3 Ne4 9. Qc2 Nxc3 10. Qxc3 Nc6 11. Bb2 Bf6 12. Rad1 Qe8 13. Qc1 e5 14. d5 Nb4 15. a3 Na6 16. e4 Nc5 17. Nd2 Nd3 18. Qc2 Nxb2 19. Qxb2 f4 20. b4 Qh5 21. c5 axb4 22. axb4 Bh3 23. Ra1 Rxa1 24. Rxa1 Bxg2 25. Kxg2 Qe2 26. Qc3 Bg5 27. Nf3 Qxe4 28. Rd1 Be7 29. g4 Ra8 30. Kg1 Ra4 31. cxd6 Bxd6 32. h3 Qxb4 33. Qxb4 Rxb4 34. Ra1 h6 35. h4 e4 36. Nh2 Rd4 37. f3 e3 38. Kf1 Rd2 0-1

[Event "SUI-chT"]
[Site "Switzerland"]
[Date "2011.02.27"]
[Round "1.4"]
[White "Vogt, Lothar"]
[Black "Lehtivaara, Petri"]
[Result "1/2-1/2"]
[WhiteElo "2439"]
[BlackElo "2332"]
[PlyCount "51"]
[EventDate "2011.02.27"]
[EventType "team-tourn"]
[EventRounds "9"]
[EventCountry "SUI"]
[SourceTitle "CBM 141 Extra"]
[Source "ChessBase"]
[SourceDate "2011.05.03"]
[SourceVersion "1"]
[SourceVersionDate "2011.05.03"]
[SourceQuality "1"]
[WhiteTeam "Zuerich"]
[BlackTeam "Le Joueur"]
[WhiteTeamCountry "SUI"]
[BlackTeamCountry "SUI"]

1. e4 e5 2. Nf3 Nc6 3. Bb5 a6 4. Ba4 Nf6 5. 0-0 Be7 6. Bxc6 dxc6 7. d3 Nd7 8. b3 c5 9. Bb2 Bd6 10. a4 0-0 11. Nbd2 Re8 12. Nc4 f6 13. Nfd2 Nf8 14. f4 exf4 15. Nxd6 cxd6 16. Rxf4 Be6 17. Rf2 Ng6 18. Qf1 b5 19. d4 Bd7 20. Qd3 cxd4 21. Qxd4 Bc6 22. axb5 axb5 23. c4 Rxa1+ 24. Bxa1 Qa8 25. Bc3 bxc4 26. bxc4 1/2-1/2

[Event "FIN-chT 1011"]
[Site "Finland"]
[Date "2011.02.12"]
[Round "6.4"]
[White "Saastamoinen, Aarne"]
[Black "Lehtivaara, Petri"]
[Result "1/2-1/2"]
[WhiteElo "2171"]
[BlackElo "2363"]
[PlyCount "110"]
[EventDate "2010.09.18"]
[EventType "team-tourn"]
[EventRounds "9"]
[EventCountry "FIN"]
[SourceTitle "EXT 2012"]
[Source "ChessBase"]
[SourceDate "2011.11.24"]
[SourceVersion "1"]
[SourceVersionDate "2011.11.24"]
[SourceQuality "1"]
[WhiteTeam "Joensuu SK"]
[BlackTeam "Mat SK"]
[WhiteTeamCountry "FIN"]
[BlackTeamCountry "FIN"]

1. e4 e5 2. Nf3 Nc6 3. Bb5 a6 4. Bxc6 dxc6 5. d4 exd4 6. Qxd4 Qxd4 7. Nxd4 Bd7 8. Be3 0-0-0 9. Nd2 c5 10. Ne2 Re8 11. 0-0-0 f5 12. Ng3 fxe4 13. Ndxe4 b6 14. Rhe1 h6 15. Bd2 Bc6 16. f3 Ne7 17. c4 Rd8 18. Bc3 Rxd1+ 19. Kxd1 h5 20. Ng5 h4 21. N3e4 Nf5 22. Nf7 Rg8 23. Ne5 Be8 24. Bd2 Nd6 25. Bg5 Rh8 26. h3 Rh5 27. f4 Nf5 28. Ke2 Rh8 29. Kf2 Bd6 30. Rd1 Bh5 31. Re1 Rf8 32. Nf3 Bf7 33. b3 Rh8 34. Nc3 Kd7 35. Ne5+ Bxe5 36. Rxe5 g6 37. Ne4 Kc6 38. Bf6 Re8 39. Ng5 Rxe5 40. fxe5 Bg8 41. Nf3 b5 42. cxb5+ axb5 43. Nxh4 Nxh4 44. Bxh4 b4 45. Be7 Kb5 46. Ke1 c4 47. bxc4+ Bxc4 48. a3 b3 49. Kd2 Bf1 50. Kc3 Ka4 51. h4 Bxg2 52. Kb2 Bd5 53. Bb4 Kb5 54. Bc3 Be6 55. Be1 Bd5 1/2-1/2

[Event "FIN-chT 1011"]
[Site "Finland"]
[Date "2010.11.21"]
[Round "5.3"]
[White "Sammalvuo, Tapani"]
[Black "Lehtivaara, Petri"]
[Result "1/2-1/2"]
[WhiteElo "2465"]
[BlackElo "2363"]
[PlyCount "31"]
[EventDate "2010.09.18"]
[EventType "team-tourn"]
[EventRounds "9"]
[EventCountry "FIN"]
[SourceTitle "EXT 2012"]
[Source "ChessBase"]
[SourceDate "2011.11.24"]
[SourceVersion "1"]
[SourceVersionDate "2011.11.24"]
[SourceQuality "1"]
[WhiteTeam "Velhot"]
[BlackTeam "Mat SK"]
[WhiteTeamCountry "FIN"]
[BlackTeamCountry "FIN"]

1. e4 e5 2. Bc4 Nc6 3. Nf3 Be7 4. d4 d6 5. Nc3 Nf6 6. h3 0-0 7. 0-0 exd4 8. Nxd4 Nxd4 9. Qxd4 Nd7 10. Nd5 Nb6 11. Nxe7+ Qxe7 12. Bd3 Be6 13. Bf4 Rad8 14. Rfe1 f6 15. c3 Qf7 16. a3 1/2-1/2

[Event "FIN-chT 1011"]
[Site "Finland"]
[Date "2010.11.06"]
[Round "3.3"]
[White "Lehtivaara, Petri"]
[Black "Issakainen, Ari"]
[Result "0-1"]
[WhiteElo "2363"]
[BlackElo "2284"]
[PlyCount "80"]
[EventDate "2010.09.18"]
[EventType "team-tourn"]
[EventRounds "9"]
[EventCountry "FIN"]
[SourceTitle "EXT 2012"]
[Source "ChessBase"]
[SourceDate "2011.11.24"]
[SourceVersion "1"]
[SourceVersionDate "2011.11.24"]
[SourceQuality "1"]
[WhiteTeam "Mat SK"]
[BlackTeam "Betfair Aatos"]
[WhiteTeamCountry "FIN"]
[BlackTeamCountry "FIN"]

1. d4 d5 2. c4 c6 3. Nf3 Nf6 4. e3 g6 5. Nbd2 Bg7 6. b4 0-0 7. a4 Bf5 8. Bb2 Na6 9. Qb3 Nc7 10. Be2 Ne4 11. 0-0 dxc4 12. Nxc4 Nd5 13. Rfd1 Be6 14. Qa3 h6 15. Rac1 Rc8 16. Nfe5 Qe8 17. Nd3 Rd8 18. Nc5 Nxc5 19. dxc5 Nf6 20. Na5 Rxd1+ 21. Rxd1 b6 22. cxb6 axb6 23. Nc4 Qb8 24. Be5 Qa7 25. Bd4 Qa6 26. b5 cxb5 27. Nxb6 b4 28. Qb2 Qa5 29. Rb1 b3 30. Qa3 Ne4 31. Bxg7 Kxg7 32. Qb2+ Kh7 33. Qd4 Nc3 34. Rb2 Rb8 35. Nc4 Nxe2+ 36. Rxe2 Qxa4 37. Nb2 Qa1+ 38. Qd1 Ra8 39. f3 Qxd1+ 40. Nxd1 Ra1 0-1

[Event "FIN-chT 1011"]
[Site "Finland"]
[Date "2010.09.19"]
[Round "2.3"]
[White "Lehtivaara, Petri"]
[Black "Hartikainen, Markku"]
[Result "0-1"]
[WhiteElo "2363"]
[BlackElo "2308"]
[PlyCount "62"]
[EventDate "2010.09.18"]
[EventType "team-tourn"]
[EventRounds "9"]
[EventCountry "FIN"]
[SourceTitle "EXT 2012"]
[Source "ChessBase"]
[SourceDate "2011.11.24"]
[SourceVersion "1"]
[SourceVersionDate "2011.11.24"]
[SourceQuality "1"]
[WhiteTeam "Mat SK"]
[BlackTeam "Helsinki SSK"]
[WhiteTeamCountry "FIN"]
[BlackTeamCountry "FIN"]

1. d4 Nf6 2. c4 c5 3. d5 e6 4. Nc3 exd5 5. cxd5 d6 6. e4 g6 7. Bd3 Bg7 8. Nge2 0-0 9. 0-0 a6 10. f3 b5 11. a3 Nbd7 12. Kh1 Ne5 13. Bc2 Bd7 14. Ng3 a5 15. a4 b4 16. Nce2 h5 17. f4 Neg4 18. Ng1 Nxh2 19. Re1 Nhg4 20. Qf3 Re8 21. Bd2 c4 22. Rac1 Nh7 23. e5 Nxe5 24. fxe5 Qh4+ 25. Nh3 Bxh3 26. gxh3 Qxh3+ 27. Kg1 h4 28. Bd1 hxg3 29. e6 fxe6 30. Bf4 Bd4+ 31. Be3 Qh2+ 0-1

[Event "FIN-chT 1011"]
[Site "Finland"]
[Date "2010.09.18"]
[Round "1.3"]
[White "Lehtivaara, Petri"]
[Black "Nieminen, Kari"]
[Result "1/2-1/2"]
[WhiteElo "2363"]
[BlackElo "2180"]
[PlyCount "34"]
[EventDate "2010.09.18"]
[EventType "team-tourn"]
[EventRounds "9"]
[EventCountry "FIN"]
[SourceTitle "EXT 2012"]
[Source "ChessBase"]
[SourceDate "2011.11.24"]
[SourceVersion "1"]
[SourceVersionDate "2011.11.24"]
[SourceQuality "1"]
[WhiteTeam "Mat SK"]
[BlackTeam "Mat SK II"]
[WhiteTeamCountry "FIN"]
[BlackTeamCountry "FIN"]

1. d4 Nf6 2. c4 e6 3. Nf3 c5 4. e3 cxd4 5. exd4 d5 6. Nc3 Bb4 7. Qa4+ Nc6 8. Ne5 Bd7 9. Nxc6 Bxc3+ 10. bxc3 Bxc6 11. Qb4 a5 12. Qa3 dxc4 13. Be2 Qe7 14. Qb2 0-0 15. 0-0 Rfc8 16. a4 Qd7 17. Qc2 Bd5 1/2-1/2